000 00877nam a2200217 a 4500
003 0
005 20250226072439.0
008 101013s19uu xx 00 eng d
050 _aPHS LC 225.3
_b.As6 2010
100 _aAsprec, Emmanuel Romagn Maglanoc.
245 _aThe relationship between parental involvement and socio-emotional behaviour of high school students of SISC /
_cEmmanuel Romagn Maglanoc Asprec.
260 _aLas PiƱas City, Philippines :
_bSouthville International School and Colleges,
_c2010.
300 _a29 pages :
_billustrations ;
_c30 cm.
504 _aIncludes bibliographical references.
650 _aParent involvement in education.
650 _aEmotional intelligence in adolescence.
650 _aParent and child.
650 _aEducation, Secondary
_xParent participation.
650 _aSocial skills in adolescence.
942 _2lcc
_cPASS
999 _c98441
_d98441